Catálogo
 En Linea
Vista normal Vista MARC

Entrada Nombre de reunión

Número de registros utilizados en: 1

001 - NÚMERO DE CONTROL

  • campo de control: 56647

003 - IDENTIFICADOR DEL NÚMERO DE CONTROL

  • campo de control: OSt

005 - FECHA Y HORA DE LA ÚLTIMA TRANSACCIÓN

  • campo de control: 20200615034814.0

008 - DATOS DE LONGITUD FIJA

  • campo de control de longitud fija: 200615|| aca||aabn | a|a d

040 ## - FUENTE DE LA CATALOGACIÓN

  • Centro catalogador/agencia de origen: OSt
  • Centro/agencia transcriptor: OSt

111 ## - ENCABEZAMIENTO--NOMBRE DE CONGRESO/REUNIÓN

  • Nombre de congreso/reunión o jurisdicción como elemento de entrada: Congreso de la Asociación Dominicana de agencias de viajes de la República Dominicana.
  • Número del congreso/reunión o número de parte o sección: (5to :
  • Fecha del congreso/reunión: 1979 abr. 26-29 :
  • Sede del congreso/Lugar de la reunión: Puerto Plata)

670 ## - FUENTE DE DATOS ENCONTRADOS

  • Cita de la fuente: Work cat.: (OSt)29403: Congreso de la Asociación Dominicana de agencias de viajes de la República Dominicana. (5to : 1979 abr. 26-29 : Puerto Plata), V congreso de la Asociación Dominicana de agencias de viajes de la República Dominicana., [1979?].

Con tecnología Koha